000 01077nam a2200241Ii 4500
003 JO-AjNU
005 20240630085903.0
008 230605s9999||||xx |||||||||||||| ||und||
040 _aJO-AjNU
_bara
_erda
_cJO-AjNU
041 _aara
050 1 4 _aKMM104.3.2007
100 1 _aالفيومي، عماد خليل جاد الله
_965854
_dمعد
245 2 0 _aالتزامات المؤمن في مواجهة الغير في نظام التأمين الإلزامي /
_cاعداد عماد خليل جاد الله الفيومي ؛ إشراف محمد يوسف الزعبي
260 _c2007
300 _a224ورقة
336 _atext
_btxt
_2rdacontent
337 _aunmediated
_bn
_2rdamedia
338 _avolume
_bnc
_2rdacarrier
500 _aرسالة جامعية (دكتوراة فلسفة فب القانون )--جامعة عمان العربية ، كلية الدراسات القانونية العليا ، 2007
650 4 _aقانون التأمين -- الاردن
_946739
700 1 _aالزعبي،محمد يوسف
_965856
_eمشرف
942 _2lcc
_cTHS
999 _c23923
_d23923